Избранные произведения русских композиторов. XX век (Запись № 10903724)

Подробности
000 -МАРКЕР
контрольное поле 04811ncm0a2200469 4500
001 - ИДЕНТИФИКАТОР ЗАПИСИ
контрольное поле RU\NLR\ONIZ\213496
005 - ИДЕНТИФИКАТОР ВЕРСИИ
контрольное поле 20250624205303.0
010 ## - МЕЖДУНАРОДНЫЙ СТАНДАРТНЫЙ НОМЕР КНИГИ (ISBN)
Номер (ISBN) 5-17-035281-6
Уточнения АСТ
010 ## - МЕЖДУНАРОДНЫЙ СТАНДАРТНЫЙ НОМЕР КНИГИ (ISBN)
Номер (ISBN) 5-271-13389-3
Уточнения Астрель
021 ## - НОМЕР ГОСУДАРСТВЕННОЙ РЕГИСТРАЦИИ
Код страны российская федерация
Номер 06-152
Номер Листа государственной регистраци 06-7
035 ## - ДРУГИЕ СИСТЕМНЫЕ НОМЕРА
Идентификатор записи RU\NLR\ONIZ\GALA\5000027088\20160121161531
035 ## - ДРУГИЕ СИСТЕМНЫЕ НОМЕРА
Идентификатор записи (NLR Aleph) 010986267
100 ## - ДАННЫЕ ОБЩЕЙ ОБРАБОТКИ
Данные общей обработки 20151016d2006 |||y0rusy50 ca
101 0# - ЯЗЫК РЕСУРСА
Язык текста, звукозаписи и т.д. русский
102 ## - СТРАНА ПУБЛИКАЦИИ ИЛИ ПРОИЗВОДСТВА
Страна публикации российская федерация
125 ## - ПОЛЕ КОДИРОВАННЫХ ДАННЫХ: ЗВУКОЗАПИСИ И НОТНЫЕ ИЗДАНИЯ
Форма изложения нотного текста ax
200 1# - ЗАГЛАВИЕ И СВЕДЕНИЯ ОБ ОТВЕТСТВЕННОСТИ
Основное заглавие Избранные произведения русских композиторов. XX век
Общее обозначение материала Ноты
Сведения, относящиеся к заглавию для фп.
-- А. Александров, В. Иголинский, В. Рябов, М. Коллонтай, В. Агафонников, С. Мовчан
Первые сведения об ответственности ред.-сост. Заза Совик
210 ## - ПУБЛИКАЦИЯ, РАСПРОСТРАНЕНИЕ И ДР.
Место издания, распространения и т.д. Москва
Имя издателя, распространителя и т. д. АСТ
-- Астрель
Дата издания, распространения и т.д. 2006
215 ## - ФИЗИЧЕСКАЯ ХАРАКТЕРИСТИКА
Специфическое обозначение материала и объем 85 с., [2] с.
Размеры 32 см
300 ## - ОБЩИЕ ПРИМЕЧАНИЯ
Текст примечания Биогр. справки: с. [1-2]
327 1# - ПРИМЕЧАНИЯ О СОДЕРЖАНИИ
Текст примечания 1. Душа моя - элизиум теней : op. 110 / А. Александров.
-- 2. К Кларе Вик : (ненапис. Р. Шуманом произведение) / В. Иголинский.
-- 3. Три романтические пьесы : op. 42 / В. Рябов ;
-- 4. Отзвук Мефисто-вальса : op. 42-bis / В. Рябов.
-- 5. Четыре летние деревенские картинки : op. 4 / М. Коллонтай.
-- 6. Шесть пьес / В. Агафонников.
-- 7. Quasi reg / С. Мовчан
464 #0 - АНАЛИТИЧЕСКИЙ УРОВЕНЬ
Встроенное поле 2001#$aДуша моя - элизиум теней$eop. 110$fА. Александров
-- 215##$aС.5-21
-- 6061#$aЦиклы пьес для фортепиано$xНоты$yСССР$z20 в.$2nlr_sh
-- 686##$aЩ954.2-054(2)$vLBC/SL$2rubbk
-- 701#1$9z01790$aАлександров$bА. Н.$gАнатолий Николаевич$f1888-1982$4070$7ca
-- 790#1$9z01701$aAleksandrov$bA. N.$gAnatolij Nikolaevich$f1888-1982$4070$7ba
Заглавие Душа моя - элизиум теней
464 #0 - АНАЛИТИЧЕСКИЙ УРОВЕНЬ
Встроенное поле 2001#$aК Кларе Вик$e(ненапис. Р. Шуманом произведение)$fВ. Иголинский
-- 215##$aС.22-25
-- 6061#$aПьесы для фортепиано$xНоты$yРоссия$z20-21 вв.$2nlr_sh
-- 686##$aЩ954.2-058.9(2Р=Рус)$vLBC/SL$2rubbk
-- 701#1$9z01790$aИголинский$bВ. Г.$gВладислав Григорьевич$f1953$4230
-- 790#1$9z01701$aIgolinskij$bV. G.$gVladislav Grigor`evich$f1953$4230
Заглавие К Кларе Вик
464 #0 - АНАЛИТИЧЕСКИЙ УРОВЕНЬ
Встроенное поле 2001#$aТри романтические пьесы$eop. 42$fВ. Рябов
-- 215##$aС.26-37
-- 6061#$aЦиклы пьес для фортепиано$xНоты$yРоссия$z20-21 век$2nlr_sh
-- 686##$aЩ954.2-054(2Р=Рус)$vLBC/SL$2rubbk
-- 701#1$9z01790$aРябов$bВ. В.$gВладимир Владимирович$f1950-$4230
-- 790#1$9z01701$aRyabov$bV. V.$gVladimir Vladimirovich$4230
Заглавие Три романтические пьесы
464 #0 - АНАЛИТИЧЕСКИЙ УРОВЕНЬ
Встроенное поле 2001#$aОтзвук Мефисто-вальса$eop. 42-bis$fВ. Рябов
-- 215##$aС.38-55
-- 686##$aЩ954.2-058.9(2Р=Рус)$vLBC/SL$2rubbk
-- 701#1$9z01790$aРябов$bВ. В.$gВладимир Владимирович$f1950-$4070
-- 790#1$9z01701$aRyabov$bV. V.$gVladimir Vladimirovich$4070
Заглавие Отзвук Мефисто-вальса
464 #0 - АНАЛИТИЧЕСКИЙ УРОВЕНЬ
Встроенное поле 2001#$aЧетыре летние деревенские картинки$eop. 4$fМ. Коллонтай
-- 215##$aС.56-69
-- 686##$aЩ954.2-054(2Р=Рус)$vLBC/SL$2rubbk
-- 701#1$9z01790$aКоллонтай$bМ. Г.$gМихаил Георгиевич$f1952-$4230$7ca
-- 790#1$9z01701$aKollontaj$bM. G.$gMichail Georgievič$f1952-$4230$7ba
Заглавие Четыре летние деревенские картинки
464 #0 - АНАЛИТИЧЕСКИЙ УРОВЕНЬ
Встроенное поле 2001#$aШесть пьес$fВ. Агафонников
-- 215##$aС.70-77
-- 686##$aЩ954.2-054(2Р)$vLBC/SL$2rubbk
-- 701#1$9z01790$aАгафонников$bВ. Г.$gВладислав Германович$f1936-$4230
-- 790#1$9z01701$aAgafonnikov$bV. G.$gVladislav Germanovich$f1936-$4230
Заглавие Шесть пьес
464 #0 - АНАЛИТИЧЕСКИЙ УРОВЕНЬ
Встроенное поле 2001#$aQuasi reg$fС. Мовчан
-- 215##$aС.78-85
-- 686##$aЩ954.2-058.9(2Р)$vLBC/SL$2rubbk
-- 701#1$9z01790$aМовчан$bС. М.$gСергей Михайлович$f1960-$4230
-- 790#1$9z01701$aMovchan$bS. M.$gSergej Mixajlovich$4230
Заглавие Quasi reg
606 1# - НАИМЕНОВАНИЕ ТЕМЫ КАК ПРЕДМЕТ
Наименование темы Русская фортепианная музыка
Хронологический подзаголовок 20-21 в.
Формальный подзаголовок Ноты
Код системы nlr_sh
686 ## - ИНДЕКСЫ ДРУГИХ КЛАССИФИКАЦИЙ
Индекс Щ954.2я43(2)
Издание LBC/SL
Код системы
700 #1 - ИМЯ ЛИЦА - ПЕРВИЧНАЯ ОТВЕТСТВЕННОСТЬ
Системный номер авторитетной/нормативной записи z01790
Начальный элемент ввода Совик
Часть имени, кроме начального элемента ввода З.
Дополнения к именам, кроме дат сост.
Расширение инициалов личного имени Заза
Код отношения Составитель
790 #1 - ИМЯ ЛИЦА - АЛЬТЕРНАТИВНАЯ ФОРМА
Системный номер авторитетной/нормативной записи z01700
Начальный элемент ввода Sovik
Часть имени, кроме начального элемента ввода Z.
Расширение инициалов личного имени Zaza
Код отношения Составитель
801 #0 - ИСТОЧНИК ЗАПИСИ
Страна российская федерация
Организация NLR
Дата составления 20151016
Правила каталогизации PSBO
801 #1 - ИСТОЧНИК ЗАПИСИ
Страна российская федерация
Организация NLR
Дата составления 20151016
Источник данных rusmarc
801 #2 - ИСТОЧНИК ЗАПИСИ
Страна российская федерация
Организация NLR
Дата составления 20190630
852 ## - МЕСТОНАХОЖДЕНИЕ И ШИФР ХРАНЕНИЯ
Идентификатор организации NLR
Наименование фонда или коллекции (Sub-Location Identifier) М
Шифр хранения (Call Number) 4/1435
Страна
Номер экземпляра 1
852 ## - МЕСТОНАХОЖДЕНИЕ И ШИФР ХРАНЕНИЯ
Идентификатор организации NLR
Наименование фонда или коллекции (Sub-Location Identifier) М
Шифр хранения (Call Number) 4/1435а
Страна
Номер экземпляра 2
942 ## - ДОПОЛНИТЕЛЬНЫЕ ЭЛЕМЕНТЫ ЗАПИСИ (АБИС)
Тип экземпляра АБИС Ноты
980 ## - КОЛЛЕКЦИЯ
Название коллекции Национальная библиография
980 ## - КОЛЛЕКЦИЯ
Название коллекции Отдел нот и звукозаписей
Экземпляры
Тип экземпляра Дата поступления Библиотека постоянного хранения Библиотека текущего хранения Место хранения Шифр хранения Статус не для выдачи
Ноты 16.10.2015 РНБ (Московский) РНБ (Московский) Фонд нот и звукозаписей 4/1435 4/1435  
Ноты 16.10.2015 РНБ (Московский) РНБ (Московский) Фонд нот и звукозаписей 4/1435а 4/1435а